The winds blew, and beat upon that house and it fell not (Registro nro. 70826)
[ vista simple ]
| 000 -LÍDER | |
|---|---|
| Campo fijo de descripción fija | 01079nab a2200229 i 4500 |
| 001 - NÚMERO DE CONTROL | |
| Campo de control | 768714001 |
| 003 - IDENTIFICADOR DEL NÚMERO DE CONTROL | |
| Campo de control | CO-MdFUSB |
| 005 - FECHA Y HORA DE LA ULTIMA TRANSACCIÓN | |
| control field | 20240814124227.0 |
| 008 - ELEMENTOS DE LONGITUD FIJA -- INFORMACIÓN GENERAL | |
| Campo fijo de descripción fija -- Información general | 240814t1923 cr ||||| |||| 00| 0 eng d |
| 040 ## - FUENTE DE CATALOGACIÓN | |
| Idioma de catalogación | spa |
| Agencia que realiza la transcripción | CO-MdFUSB |
| Agencia que realiza la modificación | CO-MdFUSB |
| 041 ## - CÓDIGO DE IDIOMA | |
| Código de idioma para texto/pista de sonido o título separado | eng |
| 100 ## - ASIENTO PRINCIPAL--NOMBRE PERSONAL | |
| Término relacionador | autor |
| 245 #4 - TÍTULO | |
| Título | The winds blew, and beat upon that house and it fell not |
| 520 ## - NOTA DE RESUMEN, ETC. | |
| Nota de sumario, etc. | Luego de intensos temblores la construcción seguía en pie, demostrando que estaba destinado para la gloria de Dios, en la salvación de muchas almas. Hay buenas razones para tener esa confianza. Dios nos ha dado este edificio hasta ahora de una manera notable en respuesta a la oración; lo sacó triunfante de la gran prueba de veinticinco días de sacudidas sísmicas. |
| 546 ## - NOTA DE IDIOMA | |
| Nota de idioma | Texto en inglés. |
| 650 #7 - ASIENTO SECUNDARIO DE MATERIA - TERMINO TEMÁTICO | |
| Término temático o nombre geográfico como elemento de entrada | Fe |
| 9 (RLIN) | 531 |
| 650 #0 - ASIENTO SECUNDARIO DE MATERIA - TERMINO TEMÁTICO | |
| Término temático o nombre geográfico como elemento de entrada | Evangelización |
| 9 (RLIN) | 362 |
| 650 #0 - ASIENTO SECUNDARIO DE MATERIA - TERMINO TEMÁTICO | |
| Término temático o nombre geográfico como elemento de entrada | Predicación |
| 9 (RLIN) | 54 |
| 773 0# - ASIENTO DE ITEM FUENTE | |
| Biblionumber | 70761 |
| Itemnumber | 82969 |
| Otro identificador del ítem | R2742.0. |
| Título | Latin America Mission |
| Número de control del registro | (CO-MdFUSB)768714001 |
| Parte(s) relacionada(s) / Volumen., número. (mes año), páginas | Volumen 3, (número 7, 1924), páginas: 6 - 8 |
| Enumeración y primera página | página: 6 |
| 942 ## - TIPO DE MATERIAL (KOHA) | |
| Tipo de Item KOHA | Artículos de Revista |
| 945 ## - INFORMACIÓN LOCAL DEL REGISTRO | |
| Catalogador | Catherine Arias Álvarez - Practicante SENA |
No hay ítems disponibles.
